000
00253nam a2200097Ia 4500
001
703903
005
20250826162400.0
008
250824s9999 xx 000 0 und d
245
0
_a
YÜZÜMDE KIRLANGIÇ GÖLGESİ
_c
MEHMET ATİLLA
260
_b
TUDEM YAYINLARI
999
_c
703903
_d
703903